Kant után szabadon tanulmányok a konstellációkutatás köréből
Elmentve itt :
| Szerző: | |
|---|---|
| Adatforrás: | Philobibl |
| Dokumentumtípus: | Könyv |
| Nyelv: | magyar |
| Kulcsszavak: | filozófia, német |
| Megjelent: |
Budapest
Áron
2007
|
| LEADER | 00359nam a2200121 c 4500 | ||
|---|---|---|---|
| 001 | bibPHI0033430 | ||
| 005 | 20200924123155.8 | ||
| 008 | 081202s2007 hu hun | ||
| 100 | 1 | |a Weiss János | |
| 245 | 1 | 0 | |a Kant után szabadon |b tanulmányok a konstellációkutatás köréből |c Weiss János |
| 260 | |a Budapest |b Áron |c 2007 | ||
| 300 | |a 265 p. | ||
| 695 | |a filozófia, német | ||